000
00325nam a2200145Ia 4500
008
191201s2005 xx 000 0 und d
082
_a
510
_b
SAE
100
_a
Sastry, S S
245
0
_a
Engineering Mathematics
250
_a
3rd
260
_a
N.Delhi
_b
PHI
_c
2005
300
_a
751
650
_a
Applied
942
_2
ddc
_c
BK
_0
4
999
_c
1560
_d
1560